000 00445nam a22001817a 4500
003 MPLRDC
005 20220104114115.0
008 210129b ||||| |||| 00| 0 eng d
020 _a7-5378-1053-2
082 _a782.886 MZD-20
100 _a周继厚
245 _a毛泽东像章之谜
_c
250 _a一版一刷
260 _a
_b北岳文艺出版社
_c1993
300 _b
650 _a毛泽东传记
942 _cBK
_o782.886 MZD-20
999 _c4870
_d4860